LEADER 01430nam a2200337 u 4500 001 000000030349 003 CaOOAMICUS 005 20070226112022.0 008 970912c19811965nyu u000 u eng u 020 $a0385012594 035 $a10769287 040 $aPUL(R)$bita 130 0 $aBiblia.$pV.T.$pChronicorum I.$lInglese.$0(OLS)http://pul/title/158552 245 10$aI Chronicles /$cintroduction, translation, and notes by Jacob M. Myers. 260 $aGarden City, N.Y. :$bDoubleday,$c1981. 300 $axci, 239 p. ;$c23 cm 490 1 $aThe Anchor Bible ;$v12 500 $aIndici: p. 201-239. 630 04$aBiblia.$pV.T.$pChronicorum I$xCommenti.$0(OLS)http://pul/subject/37763 700 1 $aMyers, Jacob M.$0(OLS)http://pul/name/24472 830 4$aThe Anchor Bible ;$v12.$0(OLS)http://pul/title/18634 850 $aPUL 852 $aPUL$W1$xSL Religione 1$y3$m1(6) G 12$j41912$nBK-PRI$b $qStampati$B41912$CPULBib$Z2$F41912 $H $81 852 $aPUL$W1$xDP1 Fondo Ciprotti$y59$m1532 A 14$j41913$nBK-PRI$b $qFondi$B41913$CPULBib$Z2$F41913 $H $81 941 1 $a8 941 1 $a1 961 $aINV: 50742 961 $aINV: 0023. Fondo Ciprotti 996 $6020$a0385012594$9(OLS)http://pul/number/38076 996 $6245$aI Chronicles$9(OLS)http://pul/title/41702 996 $6260$aGarden City, N.Y. :$bDoubleday$9(OLS)http://pul/publisher/53877 LEADER 01144nam a2200253 u 4500 001 000000052433 003 CaOOAMICUS 005 20070226115441.0 008 001017s1970 it u000 u ita u 035 $a10858439 040 $aPUL(R)$bita 100 1 $aVannicelli, Luigi,$d1934-$0(OLS)http://pul/name/37328 245 10$aAutorizzazione all'acquisto di un ente ecclesiastico :$bnullità per carenza /$cLuigi Vannicelli. 260 $aMilano :$bIstituto Editoriale Cisalpino,$c1970. 300 $aP. [3]-12 ;$c25 cm 500 $a"Estratto dalla rivista: Temi, n.4-5, luglio-agosto settembre-ottobre 1970". 504 $aBibliografia in nota. 650 4$aDiritto ecclesiastico$zItalia.$0(OLS)http://pul/subject/2957 850 $aPUL 852 $aPUL$W1$xDP1 Fondo Ciprotti$y59$m1544 E 52$j69338$nBK-PRI$b $qFondi$B69338$CPULBib$Z2$F69338 $H $81 941 1 $a1 961 $aINV: F. Ciprotti 996 $6245$aAutorizzazione all'acquisto di un ente ecclesiastico :$bnullità per carenza$9(OLS)http://pul/title/70341 996 $6260$aMilano :$bIstituto Editoriale Cisalpino$9(OLS)http://pul/publisher/68287